Založenie jednotných kontaktných miest na Slovensku

Zámery vlády, východiská a trendy v oblasti podnikateľského prostredia. Zjednodušovanie vstupu podnikateľov na trh služieb. Zjednodušovanie pôsobenia podnikateľov na trhu. Zjednodušovanie výstupu podnikateľov z trhu. Budovanie jednotných kontaktných miest (JKM) pre podnikateľov na Slovensku a v kraj...

Descripción completa

Guardado en:
Detalles Bibliográficos
Autor principal: Horváth, Jozef
Formato: Capítulo de libro
Lenguaje:eslovaco
Materias:
Etiquetas: Agregar Etiqueta
Sin Etiquetas, Sea el primero en etiquetar este registro!

MARC

LEADER 00000naa$a2200000$$$4500
001 0049354
005 20221207085436.4
041 0 |a slo 
044 |a SK 
245 1 0 |a Založenie jednotných kontaktných miest na Slovensku  |c Jozef Horváth 
520 |a Zámery vlády, východiská a trendy v oblasti podnikateľského prostredia. Zjednodušovanie vstupu podnikateľov na trh služieb. Zjednodušovanie pôsobenia podnikateľov na trhu. Zjednodušovanie výstupu podnikateľov z trhu. Budovanie jednotných kontaktných miest (JKM) pre podnikateľov na Slovensku a v krajinách EÚ. Ciele a úlohy JKM na Slovensku. 
610 2 0 |a podnikanie 
610 2 0 |a prostredie podnikateľské 
610 2 0 |a vláda 
610 2 0 |a podpora podnikania 
610 2 0 |a legislatíva 
610 2 0 |a Slovensko 
100 1 |a Horváth, Jozef